Central Library OPAC University of Rajshahi

Nonparametric methods in statistics / (Record no. 35490)

MARC details
000 -LEADER
fixed length control field 00790nam a22002531 4500
001 - CONTROL NUMBER
control field 35490
003 - CONTROL NUMBER IDENTIFIER
rucl marc code BD-RjUL
005 - DATE AND TIME OF LATEST TRANSACTION
control field 20211209052330.0
008 - FIXED-LENGTH DATA ELEMENTS--GENERAL INFORMATION
fixed length control field 841113r19591957nyua 001 0 eng d
035 ## - SYSTEM CONTROL NUMBER
System control number (BD-RjUL)35584
040 ## - CATALOGING SOURCE
Original cataloging agency DLC/ICU
Transcribing agency ICU
Modifying agency DLC
-- BD-RjUL
Language of cataloging eng
041 ## - LANGUAGE CODE
Language code of text/sound track or separate title eng
082 00 - DEWEY DECIMAL CLASSIFICATION NUMBER
Classification number 519.5
Author mark and year FRN
Edition number 21
100 1# - MAIN ENTRY--PERSONAL NAME
Personal name Fraser, D. A. S.
Fuller form of name (Donald Alexander Stuart),
Dates associated with a name 1925-
9 (RLIN) 24635
245 10 - TITLE STATEMENT
Title Nonparametric methods in statistics /
Statement of responsibility, etc. D. A. S. Fraser,
260 ## - PUBLICATION, DISTRIBUTION, ETC. (IMPRINT)
Place of publication, distribution, etc. New York :
Name of publisher, distributor, etc. Wiley,
Date of publication, distribution, etc. 1957 [Printed 1959, 1966]
300 ## - PHYSICAL DESCRIPTION
Pagination 299 p. :
Illustrations ill. ;
Size 24 cm.
504 ## - BIBLIOGRAPHY, ETC. NOTE
Bibliography, etc Includes Index
650 #0 - SUBJECT ADDED ENTRY--TOPICAL TERM
Topical term or geographic name as entry element Nonparametric statistics.
9 (RLIN) 21374
942 ## - ADDED ENTRY ELEMENTS (KOHA)
Source of classification or shelving scheme Dewey Decimal Classification
Koha item type Books
Holdings
Lost status Source of classification or shelving scheme Damaged status Not for loan Collection code Permanent Location Current Location Shelving location Date acquired Source of acquisition Cost, normal purchase price Total Checkouts Full call number Date last seen Copy number Koha item type
  Dewey Decimal Classification     Non-fiction Central Library, University of Rajshahi Central Library, University of Rajshahi   21/03/1963 Euro Pak 42.50   519.5 FRN 1959 26/05/2014 C-2 Books
  Dewey Decimal Classification     Non-fiction Central Library, University of Rajshahi Central Library, University of Rajshahi   21/03/1963 Euro Pak 42.50   519.5 FRN 1959 26/05/2014 C-3 Books
  Dewey Decimal Classification     Non-fiction Central Library, University of Rajshahi Central Library, University of Rajshahi   21/03/1963 Euro Pak 42.50   519.5 FRN 1966 26/05/2014 C-4 Books
  Dewey Decimal Classification     Non-fiction Central Library, University of Rajshahi Central Library, University of Rajshahi   21/03/1963 Euro Pak 42.50   519.5 FRN 1966 26/05/2014 C-5 Books
  Dewey Decimal Classification     Non-fiction Central Library, University of Rajshahi Central Library, University of Rajshahi   16/01/1965 Zitlinger 65.00   519.5 FRN 1959 28/05/2014 C-8 Books
  Dewey Decimal Classification     Non-fiction Central Library, University of Rajshahi Central Library, University of Rajshahi   24/06/1963 zeetlinger 64.00   519.5 FRN 1959 29/05/2014 C-6 Books
  Dewey Decimal Classification   Not For Loan Non-fiction Central Library, University of Rajshahi Central Library, University of Rajshahi Reading Room 01/01/1964 EURE 42.50   519.5 FRN 1963 29/05/2014 C-1 Books
  Dewey Decimal Classification     Non-fiction Central Library, University of Rajshahi Central Library, University of Rajshahi   02/03/1965 zeetlinger     519.5 FRN 1959 29/05/2014 C-7 Books